The Vākyapadīya of Bhartṛhari, (Record no. 77657)

MARC details
000 -LEADER
fixed length control field 00862cam a22002531 4500
001 - CONTROL NUMBER
control field sa 68001038
003 - CONTROL NUMBER IDENTIFIER
control field DLC
005 - DATE AND TIME OF LATEST TRANSACTION
control field 20260227112429.0
008 - FIXED-LENGTH DATA ELEMENTS--GENERAL INFORMATION
fixed length control field 710903s1965 ii b 000 0 eng
010 ## - LIBRARY OF CONGRESS CONTROL NUMBER
LC control number sa 68001038
025 ## - OVERSEAS ACQUISITION NUMBER
Overseas acquisition number PL480:I-E-6767
040 ## - CATALOGING SOURCE
Original cataloging agency DLC
Transcribing agency DLC
Modifying agency DLC
041 1# - LANGUAGE CODE
Language code of text/sound track or separate title engsan
050 00 - LIBRARY OF CONGRESS CALL NUMBER
Classification number PK541
Item number .B4813
100 0# - MAIN ENTRY--PERSONAL NAME
Personal name Bhartṛhari.
245 14 - TITLE STATEMENT
Title The Vākyapadīya of Bhartṛhari,
Remainder of title with the Vṛtti;
Statement of responsibility, etc. chapter I. English translation by K. A. Subramania Iyer.
250 ## - EDITION STATEMENT
Edition statement [1st ed.]
260 ## - PUBLICATION, DISTRIBUTION, ETC.
Place of publication, distribution, etc. Poona
Name of publisher, distributor, etc. [Deccan College, Postgraduate and Research Institute]
Date of publication, distribution, etc. 1965.
300 ## - PHYSICAL DESCRIPTION
Extent xl, 136 p.
Dimensions 22 cm.
440 #0 - SERIES STATEMENT/ADDED ENTRY--TITLE
Title Deccan College building centenary and silver jubilee series ;
Volume/sequential designation 26
504 ## - BIBLIOGRAPHY, ETC. NOTE
Bibliography, etc. note "Bibliography and abbreviations": p. [xxxix]-xl.
650 #0 - SUBJECT ADDED ENTRY--TOPICAL TERM
Topical term or geographic name entry element Sanskrit language
General subdivision Grammar.
700 1# - ADDED ENTRY--PERSONAL NAME
Personal name Subramania Iyer, K. A.,
Dates associated with a name 1896-

No items available.

Powered by Koha